[Event "Hervest-Dorstener SK 1 - SF Brackel 4"]
[Site "Verbandsklasse - Gruppe 3 202"]
[Date "2022.01.16"]
[Round "4.4"]
[White "Vengels, Joachim"]
[Black "Strack, Patrick"]
[Result "1-0"]
[WhiteElo "1962"]
[BlackElo "1855"]
[PlyCount "71"]
[EventDate "2022.??.??"]
[WhiteTeam "Hervest-Dorstener SK 1"]
[BlackTeam "SF Brackel 4"]

1. c4 e6 2. e4 d5 3. cxd5 exd5 4. exd5 Nf6 5. Bb5+ Bd7 6. Bc4 Be7 7. Nc3 O-O 8.
Nge2 Bg4 9. h3 Bh5 10. Qb3 Qc8 11. O-O Bxe2 12. Bxe2 Nbd7 13. d4 Nb6 14. Bf3
Rd8 15. Re1 Bd6 16. a4 a5 17. Nb5 Nbxd5 18. Nxd6 Rxd6 19. Bg5 Rb6 20. Qc2 Qd7
21. b3 Rc6 22. Qd1 Rd8 23. Re5 Rd6 24. Qe1 b6 25. Rc1 Re8 26. Bxd5 Rxe5 27.
dxe5 Rxd5 28. Bxf6 gxf6 29. exf6 Qd8 30. Qc3 Rd6 31. Qg3+ Kf8 32. Qg7+ Ke8 33.
Re1+ Kd7 34. Qxf7+ Kc6 35. Qxh7 Rxf6 36. Qe4+ 1-0

[Event "Hervest-Dorstener SK 1 - SF Brackel 4"]
[Site "Verbandsklasse - Gruppe 3 202"]
[Date "2022.01.16"]
[Round "4.5"]
[White "Vorobyov, Boris"]
[Black "Hater, Norbert"]
[Result "1/2-1/2"]
[WhiteElo "1748"]
[BlackElo "1858"]
[PlyCount "65"]
[EventDate "2022.??.??"]
[WhiteTeam "SF Brackel 4"]
[BlackTeam "Hervest-Dorstener SK 1"]

1. d4 g6 2. c4 Bg7 3. e4 d6 4. Nc3 Nc6 5. Be3 e5 6. d5 Nce7 7. b4 f5 8. f3 Nf6
9. c5 O-O 10. Bc4 fxe4 11. fxe4 Ng4 12. Qd2 Nxe3 13. Qxe3 h6 14. Nf3 Kh7 15.
O-O a6 16. Rac1 Ng8 17. cxd6 cxd6 18. b5 Nf6 19. Na4 Qa5 20. Nc3 Ng4 21. Qe2
Bd7 22. bxa6 bxa6 23. Nd1 Rfc8 24. Nf2 Nxf2 25. Qxf2 Rc5 26. Bb3 Rac8 27. Rxc5
Rxc5 28. Qh4 Bb5 29. Ng5+ Kg8 30. Ne6 Bxf1 31. Nxc5 Qxc5+ 32. Kxf1 Qc1+ 33. Qe1
1/2-1/2

[Event "Hervest-Dorstener SK 1 - SF Brackel 4"]
[Site "Verbandsklasse - Gruppe 3 202"]
[Date "2022.01.16"]
[Round "4.6"]
[White "Kudsin, Alexander"]
[Black "Moerchel, Lou Malte"]
[Result "0-1"]
[WhiteElo "1794"]
[BlackElo "1720"]
[PlyCount "102"]
[EventDate "2022.??.??"]
[WhiteTeam "Hervest-Dorstener SK 1"]
[BlackTeam "SF Brackel 4"]

1. d4 d5 2. Nf3 Bf5 3. c4 e6 4. Nc3 c6 5. e3 Nf6 6. Be2 Nbd7 7. O-O Bd6 8. c5
Bc7 9. Nh4 Bg6 10. f4 Ne4 11. Nxg6 Nxc3 12. bxc3 hxg6 13. Qe1 Nf6 14. Bf3 Ne4
15. Bxe4 dxe4 16. Bd2 f5 17. g3 g5 18. Qd1 g4 19. Qb3 Qc8 20. c4 b6 21. Bb4 Rb8
22. cxb6 Bxb6 23. Bd6 Bc7 24. Qa3 Bxd6 25. Qxd6 Rb2 26. Rf2 Rxf2 27. Kxf2 Rxh2+
28. Kg1 Rb2 29. Rf1 Qd7 30. Qa3 Qb7 31. Rf2 Rxf2 32. Kxf2 a6 33. Qb3 Qxb3 34.
axb3 a5 35. Ke2 Kd7 36. Kd2 Kd6 37. Kc3 Ke7 38. Kd2 Kf6 39. Kc3 g5 40. Kd2 gxf4
41. exf4 Ke7 42. Kc2 Kd6 43. Kd2 c5 44. Kc3 cxd4+ 45. Kxd4 Kc6 46. Ke3 Kc5 47.
Kd2 a4 48. Kc3 a3 49. b4+ Kc6 50. Kb3 e3 51. Kxa3 e2 0-1

[Event "Hervest-Dorstener SK 1 - SF Brackel 4"]
[Site "Verbandsklasse - Gruppe 3 202"]
[Date "2022.01.16"]
[Round "4.7"]
[White "Schmitz, Julian"]
[Black "Nashir, Ramin"]
[Result "1/2-1/2"]
[WhiteElo "1626"]
[BlackElo "1562"]
[PlyCount "57"]
[EventDate "2022.??.??"]
[WhiteTeam "SF Brackel 4"]
[BlackTeam "Hervest-Dorstener SK 1"]

1. e4 e6 2. d4 d5 3. exd5 exd5 4. Nf3 Bd6 5. Nc3 Nf6 6. Bg5 c6 7. Bd3 O-O 8.
O-O Bg4 9. Re1 Nbd7 10. Ne2 Bxf3 11. gxf3 Qc7 12. Ng3 Bf4 13. Bxf6 Nxf6 14. Kh1
g6 15. c3 Rae8 16. Qc2 Rxe1+ 17. Rxe1 Re8 18. Rxe8+ Nxe8 19. c4 dxc4 20. Bxc4
Nd6 21. Bb3 Qd7 22. Kg2 Nb5 23. Qe4 Bh6 24. d5 cxd5 25. Bxd5 Nd6 26. Qg4 Qxg4
27. fxg4 b6 28. Ne4 Nxe4 29. Bxe4 1/2-1/2

[Event "Hervest-Dorstener SK 1 - SF Brackel 4"]
[Site "Verbandsklasse - Gruppe 3 202"]
[Date "2022.01.16"]
[Round "4.8"]
[White "Heinrichs, Maximilian"]
[Black "Schultz, Bernfried"]
[Result "1-0"]
[WhiteElo "1822"]
[BlackElo "1729"]
[PlyCount "77"]
[EventDate "2022.??.??"]
[WhiteTeam "Hervest-Dorstener SK 1"]
[BlackTeam "SF Brackel 4"]

1. e4 e5 2. Nf3 Nc6 3. Bb5 a6 4. Ba4 Be7 5. O-O Nf6 6. Re1 b5 7. Bb3 d6 8. h3
Na5 9. c3 Nxb3 10. Qxb3 c5 11. d4 cxd4 12. cxd4 Qc7 13. Nc3 Bb7 14. a4 exd4 15.
Nxd4 Qc4 16. Qxc4 bxc4 17. Nf5 g6 18. Nxe7 Kxe7 19. e5 Nd5 20. Bg5+ Ke6 21.
exd6+ Kxd6 22. Ne4+ Kd7 23. Rad1 Kc7 24. Rd4 Rhe8 25. Rxc4+ Kb6 26. Rec1 Rac8
27. Nd6 Rxc4 28. Nxc4+ Ka7 29. Ne3 Re5 30. Bh6 Re4 31. Rc5 Ne7 32. Rc4 Re6 33.
b4 f5 34. Kh2 Bc6 35. Bf8 Kb6 36. a5+ Kb5 37. Rc5+ Kxb4 38. Bxe7 Bb5 39. Re5+
1-0

[Event "SV Wattenscheid 3 - SW Oberhausen 1"]
[Site "Verbandsklasse - Gruppe 3 202"]
[Date "2022.01.16"]
[Round "4.4"]
[White "Schlee, Ulrich"]
[Black "Kuckelkorn, Joerg"]
[Result "1/2-1/2"]
[WhiteElo "1779"]
[BlackElo "1861"]
[Annotator "daniel"]
[PlyCount "83"]
[EventDate "2022.??.??"]
[WhiteTeam "SV Wattenscheid 3"]
[BlackTeam "SW Oberhausen 1"]

1. e4 c5 2. Nc3 e6 3. g3 d5 4. exd5 exd5 5. Qe2+ Be7 6. Bg2 $11 Nf6 7. d3 O-O
8. Nf3 Nc6 9. O-O Bg4 10. Bf4 Nd4 11. Qd1 Rc8 12. Nb1 Bd6 13. Bxd6 Qxd6 14.
Nbd2 Rfe8 15. c3 Nc6 16. Qc2 Re7 17. Rfe1 Rce8 18. Rxe7 Rxe7 19. Re1 Rxe1+ 20.
Nxe1 Qe7 21. Ndf3 h6 22. Qd2 Bf5 23. Kf1 d4 24. cxd4 cxd4 25. Qf4 Bg6 26. Nxd4
Nb4 27. Qb8+ Kh7 28. Qxb7 Qd6 29. Qxa7 Nxd3 30. Nxd3 Bxd3+ 31. Ne2 Bb5 32. Ke1
Qb4+ 33. Nc3 Qxb2 34. Nxb5 Qb1+ 35. Kd2 Qb2+ 36. Ke3 Qxb5 37. Qxf7 Ng4+ 38. Kd2
Qb2+ 39. Ke1 Qc1+ 40. Ke2 Qc2+ 41. Ke1 Qc1+ 42. Ke2 1/2-1/2

[Event "SV Wattenscheid 3 - SW Oberhausen 1"]
[Site "Verbandsklasse - Gruppe 3 202"]
[Date "2022.01.16"]
[Round "4.5"]
[White "Kyas, Jens-Stefan"]
[Black "Kotulla, Guenter"]
[Result "1-0"]
[WhiteElo "1860"]
[BlackElo "1717"]
[PlyCount "51"]
[EventDate "2022.??.??"]
[WhiteTeam "SW Oberhausen 1"]
[BlackTeam "SV Wattenscheid 3"]

1. f4 d5 2. Nf3 Nf6 3. e3 Bf5 4. d4 e6 5. Bd3 Bxd3 6. Qxd3 a6 7. O-O Bd6 8.
Nbd2 O-O 9. c3 Nbd7 10. Ne5 c5 11. Rf3 Rc8 12. Rh3 g6 13. Ndf3 Ne4 14. Bd2 Ndf6
15. Be1 Qc7 16. Bh4 Be7 17. Rf1 c4 18. Qe2 b5 19. Bxf6 Bxf6 20. Ng4 Bg7 21. Ng5
Nxg5 22. fxg5 e5 23. Nf6+ Bxf6 24. gxf6 exd4 25. exd4 Rfe8 26. Qd2 1-0

[Event "SV Wattenscheid 3 - SW Oberhausen 1"]
[Site "Verbandsklasse - Gruppe 3 202"]
[Date "2022.01.16"]
[Round "4.6"]
[White "Hielscher, Klaus-Peter"]
[Black "Matthes, Severin Johannes"]
[Result "1-0"]
[WhiteElo "1748"]
[BlackElo "1846"]
[PlyCount "67"]
[EventDate "2022.??.??"]
[WhiteTeam "SV Wattenscheid 3"]
[BlackTeam "SW Oberhausen 1"]

1. Nf3 d5 2. g3 Nf6 3. Bg2 g6 4. O-O Bg7 5. d4 Nbd7 6. c3 O-O 7. Nbd2 c5 8. Ne5
Qb6 9. Ndf3 cxd4 10. cxd4 Ne4 11. a4 f6 12. a5 Qb5 13. Qd3 Qb4 14. Nxd7 Bxd7
15. Qa3 Qb5 16. Re1 Rfc8 17. Nd2 Nd6 18. e4 Nc4 19. Nxc4 Rxc4 20. Bf1 Qb4 21.
Qxb4 Rxb4 22. exd5 Kf7 23. Ra3 Rc8 24. b3 Bb5 25. Bd2 Rxd4 26. Bxb5 Rxd2 27.
Bc4 Kf8 28. Kf1 b5 29. axb6 axb6 30. Ra7 f5 31. Rexe7 Bd4 32. Rf7+ Kg8 33. d6
b5 34. d7 1-0

[Event "SV Wattenscheid 3 - SW Oberhausen 1"]
[Site "Verbandsklasse - Gruppe 3 202"]
[Date "2022.01.16"]
[Round "4.7"]
[White "Holl, Michael"]
[Black "Koch, Guido"]
[Result "0-1"]
[WhiteElo "1761"]
[BlackElo "1616"]
[PlyCount "48"]
[EventDate "2022.??.??"]
[WhiteTeam "SW Oberhausen 1"]
[BlackTeam "SV Wattenscheid 3"]

1. e4 e5 2. Nf3 Nc6 3. c3 d5 4. Qa4 Nf6 5. Nxe5 Bd7 6. Nxd7 Qxd7 7. d3 Be7 8.
Be2 O-O 9. O-O Rfe8 10. Nd2 Rad8 11. b4 Qe6 12. Qb3 Ne5 13. d4 Ng6 14. Bf3 Bf8
15. exd5 Qf5 16. Nc4 Nh4 17. Bd1 Bd6 18. Nxd6 Rxd6 19. c4 Ne4 20. Qe3 Rg6 21.
g3 Qh3 22. Bf3 Rh6 23. gxh4 Rg6+ 24. Kh1 Qxf1# 0-1

[Event "SV Wattenscheid 3 - SW Oberhausen 1"]
[Site "Verbandsklasse - Gruppe 3 202"]
[Date "2022.01.16"]
[Round "4.8"]
[White "Hielscher, Fabian"]
[Black "Engling, Dirk"]
[Result "1-0"]
[WhiteElo "1362"]
[BlackElo "1769"]
[PlyCount "77"]
[EventDate "2022.??.??"]
[WhiteTeam "SV Wattenscheid 3"]
[BlackTeam "SW Oberhausen 1"]

1. Nf3 Nf6 2. d4 e6 3. c4 d5 4. Bg5 Be7 5. e3 O-O 6. Nc3 Nbd7 7. Rc1 c6 8. Bd3
dxc4 9. Bxc4 a6 10. a3 b5 11. Ba2 c5 12. dxc5 Bxc5 13. O-O Be7 14. Qc2 Bb7 15.
Nd4 Rc8 16. Rfd1 Qb6 17. Bb1 Be4 18. Qe2 Bxb1 19. Rxb1 Rc4 20. a4 e5 21. Bxf6
Nxf6 22. axb5 axb5 23. Ndxb5 Rb4 24. Ra1 Rb8 25. Ra2 h6 26. Rda1 Rxb5 27. Nxb5
Qxb5 28. Qxb5 Rxb5 29. Ra8+ Kh7 30. R8a7 Ng8 31. Rb1 Kg6 32. Kf1 Bc5 33. Rd7
Ba3 34. b3 Nf6 35. Ra7 Bb4 36. Ra6 Kf5 37. Ke2 Nd5 38. Kd3 Rc5 39. e4+ 1-0

[Event "SF Werden 2 - Bochumer SV 3"]
[Site "?"]
[Date "2022.03.05"]
[Round "4"]
[White "Birkemeyer, Jan"]
[Black "Gockel, Mirco"]
[Result "1-0"]
[WhiteElo "1426"]
[BlackElo "1931"]
[PlyCount "81"]

1. d4 Nf6 2. c4 e6 3. g3 c5 4. d5 exd5 5. cxd5 d6 6. Nc3 a6 7. a4 g6 8. Bg2 Bg7
9. Nf3 Bg4 10. Nd2 O-O 11. O-O Qe7 12. h3 Bc8 13. Nc4 Nbd7 14. e4 Rb8 15. Bf4
Ne8 16. g4 b5 17. axb5 axb5 18. Na5 Qf6 19. Bg3 b4 20. Na4 Ba6 21. Re1 Bb5 22.
Nc6 Bxc6 23. dxc6 Ne5 24. f4 Nc4 25. e5 Qd8 26. Bd5 Nb6 27. Nxb6 Qxb6 28. Kh2
dxe5 29. fxe5 Nc7 30. Bg2 Rbd8 31. Qc2 Ne6 32. Qc4 Rd2 33. Ra6 Qc7 34. Re2 Rfd8
35. Rxd2 Rxd2 36. Ra8+ Bf8 37. Qa6 Nd4 38. Bf4 Rxg2+ 39. Kxg2 Qxc6+ 40. Qxc6
Nxc6 41. Bh6 1-0

[Event "SF Werden 2 - Bochumer SV 3"]
[Site "?"]
[Date "2022.03.05"]
[Round "4"]
[White "Bury, Tobias"]
[Black "Hofer, Stefan"]
[Result "1/2-1/2"]
[WhiteElo "1884"]
[BlackElo "1824"]
[PlyCount "44"]

1. Nf3 Nf6 2. g3 g6 3. b3 Bg7 4. Bb2 d5 5. c4 c6 6. Bg2 O-O 7. O-O Bf5 8. h3
Na6 9. d3 Qb6 10. Nbd2 Rad8 11. cxd5 cxd5 12. Nd4 Bc8 13. N4f3 Nb4 14. Bd4 Qa6
15. a3 Nc6 16. Bc3 d4 17. Bb2 Nd5 18. b4 Nc3 19. Bxc3 dxc3 20. Nb3 c2 21. Qxc2
Bxa1 22. Rxa1 Qb5 1/2-1/2

[Event "SF Werden 2 - Bochumer SV 3"]
[Site "?"]
[Date "2022.03.05"]
[Round "4"]
[White "Abdullayev, Elchin"]
[Black "Blank, Stephan"]
[Result "1-0"]
[WhiteElo "1873"]
[BlackElo "1825"]
[PlyCount "69"]

1. d4 e6 2. e4 c5 3. d5 exd5 4. exd5 d6 5. c4 Nf6 6. Bd3 Be7 7. h3 O-O 8. Nf3
Nbd7 9. O-O Re8 10. Nc3 Nf8 11. Bf4 Bd7 12. Re1 Ng6 13. Bh2 a6 14. Nd2 Bf8 15.
Nde4 Nxe4 16. Nxe4 Ne5 17. Nxc5 dxc5 18. Bxe5 Qg5 19. Bg3 Rxe1+ 20. Qxe1 Re8
21. Qc1 Qf6 22. Qc3 Qg5 23. Re1 Rxe1+ 24. Qxe1 f5 25. Qe3 Qh5 26. Be2 Qf7 27.
Qe5 g5 28. f4 h6 29. Qc7 b5 30. b3 Kh7 31. Bd3 Qe7 32. Bf2 gxf4 33. cxb5 axb5
34. d6 Qxd6 35. Bxf5+ 1-0

[Event "SF Werden 2 - Bochumer SV 3"]
[Site "?"]
[Date "2022.03.05"]
[Round "4"]
[White "Brixius, Dirk"]
[Black "FrÃ¤nkel, Karlheinz"]
[Result "0-1"]
[WhiteElo "1810"]
[BlackElo "1831"]
[PlyCount "80"]

1. c4 e5 2. Nc3 Bc5 3. Nf3 d6 4. a3 a5 5. d3 Ne7 6. g3 O-O 7. Bg2 Nbc6 8. O-O
h6 9. e4 Be6 10. h3 Qd7 11. Kh2 f5 12. Be3 Nd4 13. Nd5 Nec6 14. Nh4 Bxd5 15.
cxd5 Ne7 16. f4 a4 17. fxe5 dxe5 18. Rc1 b6 19. Bxd4 Bxd4 20. Qc2 Rac8 21. b4
c5 22. Qa2 cxb4 23. axb4 Rxc1 24. Rxc1 Qd6 25. Qxa4 f4 26. gxf4 Be3 27. Rc6
Bxf4+ 28. Kh1 Nxc6 29. Qxc6 Qxb4 30. Qe6+ Kh7 31. Qg6+ Kh8 32. Nf3 Qb1+ 33. Ng1
Be3 34. Bf3 Qxd3 35. Be2 Qd2 36. Bb5 Bxg1 37. Qxg1 Rc8 38. Bc6 Qf4 39. Qg4 Qf1+
40. Kh2 Rf8 0-1

[Event "SF Werden 2 - Bochumer SV 3"]
[Site "?"]
[Date "2022.03.05"]
[Round "4"]
[White "Hartenberg, Yannick"]
[Black "Rother, Josef"]
[Result "0-1"]
[WhiteElo "1671"]
[BlackElo "1756"]
[PlyCount "48"]

1. e4 c5 2. Nf3 d6 3. Bb5+ Nc6 4. d4 cxd4 5. Nxd4 Bd7 6. Nc3 Nf6 7. O-O e6 8.
Re1 Be7 9. Nf3 a6 10. Ba4 O-O 11. Bf4 e5 12. Bg3 Bg4 13. h3 Bh5 14. Qd3 Nd7 15.
Nd5 Nc5 16. Nxe7+ Qxe7 17. Qa3 b5 18. Bh4 Qc7 19. Bxb5 axb5 20. Qe3 Bxf3 21.
gxf3 Nd4 22. Rac1 Rxa2 23. b4 Nce6 24. Qd3 Nf4 0-1

[Event "SF Werden 2 - Bochumer SV 3"]
[Site "?"]
[Date "2022.03.05"]
[Round "4"]
[White "Eggebrecht, Stefan"]
[Black "Czarnetzki, Iori"]
[Result "1/2-1/2"]
[WhiteElo "1763"]
[BlackElo "1662"]
[PlyCount "82"]

1. e4 e6 2. d4 d5 3. exd5 exd5 4. Bd3 Bd6 5. c3 Ne7 6. Nf3 O-O 7. Qc2 h6 8. O-O
Nd7 9. Nbd2 c5 10. dxc5 Nxc5 11. Nd4 Nxd3 12. Qxd3 Nc6 13. N2f3 a6 14. Bd2 Bg4
15. h3 Bh5 16. Rfe1 Bg6 17. Qf1 Qd7 18. Rac1 Rfe8 19. Rxe8+ Rxe8 20. Re1 f6 21.
Rxe8+ Qxe8 22. Qe1 Qxe1+ 23. Bxe1 Na5 24. b3 Nc6 25. Bd2 Kf7 26. a4 Nb8 27. a5
Ke7 28. Nh4 Kf7 29. Kf1 Nd7 30. b4 Bd3+ 31. Ke1 b6 32. axb6 Nxb6 33. Nhf3 Nc4
34. Bc1 a5 35. Nb5 Bb8 36. bxa5 Nxa5 37. Nfd4 Bxb5 38. Nxb5 Be5 39. Ba3 Nc4 40.
Bb4 Ke6 41. Ke2 h5 1/2-1/2

[Event "SF Werden 2 - Bochumer SV 3"]
[Site "?"]
[Date "2022.03.05"]
[Round "4"]
[White "Lohaus, Herbert"]
[Black "Link, Fabian"]
[Result "1/2-1/2"]
[WhiteElo "1665"]
[BlackElo "1749"]
[PlyCount "57"]

1. Nf3 d5 2. g3 e6 3. Bg2 f5 4. d3 Nf6 5. Bg5 Nbd7 6. c3 Be7 7. Nbd2 O-O 8. O-O
c6 9. Qc2 h6 10. Bxf6 Bxf6 11. e4 g6 12. Rfe1 Qc7 13. Rac1 Kh7 14. exf5 exf5
15. Re2 b6 16. Rce1 Rf7 17. d4 Ba6 18. Re3 Raf8 19. Ne5 Nxe5 20. dxe5 Bg7 21.
f4 Rd8 22. Nf3 c5 23. Qa4 Bc4 24. Bf1 b5 25. Qc2 d4 26. Bxc4 bxc4 27. cxd4 cxd4
28. Ra3 Qc5 29. Kg2 1/2-1/2

[Event "SF Essen-Katernberg  3 - SC Gerthe - We"]
[Site "Verbandsliga - Gruppe 1 2021/"]
[Date "2022.05.29"]
[Round "5.1"]
[White "Quast, Marcel"]
[Black "Rosen, Willy"]
[Result "1-0"]
[WhiteElo "2253"]
[BlackElo "2114"]
[PlyCount "69"]
[EventDate "2022.??.??"]
[WhiteTeam "SC Gerthe - Werne 1"]
[BlackTeam "SF Essen-Katernberg  3"]

1. e4 c5 2. c3 g6 3. d4 cxd4 4. cxd4 d5 5. Nc3 dxe4 6. Bc4 Nf6 7. Qb3 e6 8. d5
exd5 9. Nxd5 Bg7 10. Bg5 O-O 11. Ne2 h6 12. Nxf6+ Bxf6 13. Bxh6 Bg7 14. Bxg7
Kxg7 15. Qc3+ Qf6 16. Qxf6+ Kxf6 17. Nc3 Kg7 18. O-O-O f5 19. Rhe1 Nc6 20. f3
exf3 21. gxf3 Rh8 22. Rd2 Rh3 23. f4 Rh4 24. Nd5 Rb8 25. a4 g5 26. b4 gxf4 27.
b5 f3 28. Rg1+ Kf8 29. Ne3 Nd4 30. Rg8+ Ke7 31. Kb2 Kd6 32. Rd8+ Ke5 33. Rd5+
Kf4 34. R2xd4+ Kxe3 35. Rxh4 1-0

[Event "SF Essen-Katernberg  3 - SC Gerthe - We"]
[Site "Verbandsliga - Gruppe 1 2021/"]
[Date "2022.05.29"]
[Round "5.2"]
[White "Geerlings, Gerd"]
[Black "Brueggestraß, Volker"]
[Result "1/2-1/2"]
[WhiteElo "2022"]
[BlackElo "2006"]
[PlyCount "41"]
[EventDate "2022.??.??"]
[WhiteTeam "SF Essen-Katernberg  3"]
[BlackTeam "SC Gerthe - Werne 1"]

1. Nf3 Nf6 2. b3 g6 3. Bb2 Bg7 4. e3 d5 5. d4 O-O 6. Bd3 Bf5 7. O-O Nbd7 8. c4
Bxd3 9. Qxd3 c6 10. Nc3 Re8 11. cxd5 cxd5 12. Rac1 a6 13. Rc2 Rc8 14. Rfc1 Nb6
15. Ba3 e6 16. Bb4 Nfd7 17. a4 Rc6 18. a5 Nc8 19. Na4 Nb8 20. Nc5 Qc7 21. Be1
1/2-1/2

[Event "SF Essen-Katernberg  3 - SC Gerthe - We"]
[Site "Verbandsliga - Gruppe 1 2021/"]
[Date "2022.05.29"]
[Round "5.3"]
[White "Gottmann, Bernd"]
[Black "Krueger, Erich"]
[Result "1/2-1/2"]
[WhiteElo "1965"]
[BlackElo "2043"]
[PlyCount "85"]
[EventDate "2022.??.??"]
[WhiteTeam "SC Gerthe - Werne 1"]
[BlackTeam "SF Essen-Katernberg  3"]

1. d4 Nf6 2. c4 g6 3. Nc3 Bg7 4. g3 d5 5. cxd5 Nxd5 6. Bg2 Nxc3 7. bxc3 c5 8.
Nf3 Nc6 9. Be3 Qa5 10. O-O Qxc3 11. Rc1 Qa3 12. d5 Nd4 13. Nxd4 cxd4 14. Bxd4
Bxd4 15. Qxd4 O-O 16. Rc7 Qd6 17. Rfc1 Rd8 18. e4 f6 19. f4 e5 20. Qc5 Qxc5+
21. R1xc5 Re8 22. Bf1 exf4 23. gxf4 Bg4 24. Rxb7 Rxe4 25. Rcc7 Rxf4 26. Rg7+
Kh8 27. Rxh7+ Kg8 28. Bg2 Re8 29. h3 Bf3 30. Rbg7+ Kf8 31. Rxa7 Kg8 32. Rhg7+
Kh8 33. Bxf3 Rxf3 34. Kg2 Rd3 35. Rh7+ Kg8 36. Rag7+ Kf8 37. Rf7+ Kg8 38. Rfg7+
Kf8 39. Rd7 Rd2+ 40. Kf3 Rd3+ 41. Kf4 Rd4+ 42. Kg3 Rd3+ 43. Kf2 1/2-1/2

[Event "SF Essen-Katernberg  3 - SC Gerthe - We"]
[Site "Verbandsliga - Gruppe 1 2021/"]
[Date "2022.05.29"]
[Round "5.4"]
[White "Gallas, Noel"]
[Black "Kalle, Yannis"]
[Result "1-0"]
[WhiteElo "1919"]
[BlackElo "1807"]
[PlyCount "113"]
[EventDate "2022.??.??"]
[WhiteTeam "SF Essen-Katernberg  3"]
[BlackTeam "SC Gerthe - Werne 1"]

1. e4 Nf6 2. e5 Nd5 3. g3 d6 4. exd6 cxd6 5. Bg2 Nf6 6. Ne2 Nc6 7. O-O Bg4 8.
h3 Bh5 9. c3 e5 10. Re1 Be7 11. Qb3 Qd7 12. d3 Bg6 13. d4 O-O 14. Be3 Rac8 15.
Nd2 d5 16. dxe5 Nxe5 17. Nf4 Nd3 18. Nxd3 Bxd3 19. Bxa7 Bd6 20. Be3 Bb8 21. Qb4
Rfe8 22. Qd4 Bf5 23. Kh2 Be5 24. Qb4 Bd6 25. Qh4 Qb5 26. Nb3 Bg6 27. Bd4 Ne4
28. Qg4 h5 29. Qh4 Qd3 30. Rac1 Be7 31. Qf4 Bg5 32. Bxe4 Bxf4 33. Bxd3 Bxc1 34.
Rxe8+ Rxe8 35. Nxc1 Re1 36. Bxg6 fxg6 37. Nd3 Re2 38. Be3 Kf7 39. Kg2 Kf6 40.
Kf3 Rc2 41. Bd4+ Kf5 42. Ke3 g5 43. Bxg7 Kg6 44. Bd4 Kf5 45. a4 Ke6 46. a5 Kf5
47. Bc5 Ke6 48. Ba3 Kd7 49. Nb4 Rc1 50. Nxd5 Rh1 51. Nf6+ Ke6 52. Nxh5 Kf7 53.
g4 Rxh3+ 54. Ng3 Ke6 55. Kd4 Rh4 56. f3 Rh3 57. Ne4 1-0

[Event "SF Essen-Katernberg  3 - SC Gerthe - We"]
[Site "Verbandsliga - Gruppe 1 2021/"]
[Date "2022.05.29"]
[Round "5.5"]
[White "Loeffelbein, Klaus"]
[Black "Sauer, Bernd"]
[Result "1/2-1/2"]
[WhiteElo "1796"]
[BlackElo "1953"]
[PlyCount "35"]
[EventDate "2022.??.??"]
[WhiteTeam "SC Gerthe - Werne 1"]
[BlackTeam "SF Essen-Katernberg  3"]

1. d4 f5 2. g3 Nf6 3. Bg2 g6 4. Nf3 Bg7 5. O-O O-O 6. c4 d6 7. Nc3 c6 8. d5 e5
9. dxe6 Bxe6 10. b3 Na6 11. Qc2 Nc5 12. Ng5 h6 13. Nxe6 Nxe6 14. Rd1 Qc7 15.
Ba3 Rad8 16. Rac1 Rf7 17. Rd2 Bf8 18. e3 1/2-1/2

[Event "SF Essen-Katernberg  3 - SC Gerthe - We"]
[Site "Verbandsliga - Gruppe 1 2021/"]
[Date "2022.05.29"]
[Round "5.6"]
[White "Nautsch, Werner"]
[Black "Meise, Ulrich"]
[Result "1-0"]
[WhiteElo "1937"]
[BlackElo "1763"]
[PlyCount "93"]
[EventDate "2022.??.??"]
[WhiteTeam "SF Essen-Katernberg  3"]
[BlackTeam "SC Gerthe - Werne 1"]

1. f4 d5 2. Nf3 Nc6 3. e3 Nf6 4. b3 Bg4 5. Bb2 e6 6. Be2 Bc5 7. d4 Bxf3 8. Bxf3
Bd6 9. Nd2 O-O 10. O-O Ne7 11. c4 c6 12. g3 Nf5 13. Qe2 c5 14. g4 Ne7 15. Rac1
Rc8 16. Qg2 cxd4 17. Bxd4 Bc5 18. Bxc5 Rxc5 19. b4 Rc8 20. g5 Ne8 21. cxd5 Rxc1
22. Rxc1 exd5 23. Nb3 Nf5 24. Qd2 b6 25. Bxd5 Qe7 26. e4 Nh4 27. Qf2 Ng6 28. a3
Nc7 29. Nd4 Nxd5 30. exd5 Qe4 31. Re1 Qxd5 32. Ne2 Qf5 33. Nd4 Qg4+ 34. Qg3 Qd7
35. Qe3 Nh4 36. Kf2 Nf5 37. Nxf5 Qxf5 38. Qe4 Qh3 39. Kg1 Qxa3 40. Kg2 a5 41.
bxa5 bxa5 42. h4 a4 43. h5 Rd8 44. Re3 Qc5 45. g6 hxg6 46. hxg6 Qd5 47. Qxd5
1-0

[Event "SF Essen-Katernberg  3 - SC Gerthe - We"]
[Site "Verbandsliga - Gruppe 1 2021/"]
[Date "2022.05.29"]
[Round "5.7"]
[White "Al Zoubi, Ahmad"]
[Black "Struck, Lasse"]
[Result "1/2-1/2"]
[WhiteElo "1713"]
[BlackElo "1933"]
[PlyCount "78"]
[EventDate "2022.??.??"]
[WhiteTeam "SC Gerthe - Werne 1"]
[BlackTeam "SF Essen-Katernberg  3"]

1. e4 c5 2. f4 d5 3. e5 Nc6 4. Nf3 Bg4 5. Bb5 Qb6 6. Nc3 e6 7. a4 a6 8. a5 Qc7
9. Ba4 Nh6 10. h3 Bxf3 11. Qxf3 Nf5 12. Ne2 h5 13. d3 Qxa5+ 14. Bd2 Qc7 15. c4
O-O-O 16. cxd5 Ncd4 17. Nxd4 Nxd4 18. Qe4 exd5 19. Qe3 g5 20. fxg5 Bg7 21. O-O
Bxe5 22. Ba5 Bf4 23. Qe1 b6 24. Bxb6 Qxb6 25. Rxf4 Rhg8 26. h4 Rg6 27. Bd1 Re6
28. Qc3 Qc7 29. Qd2 Rde8 30. Rxd4 Re1+ 31. Kf2 cxd4 32. Bg4+ hxg4 33. Rxe1 Rxe1
34. Qxe1 Qf4+ 35. Kg1 g3 36. Qe8+ Kc7 37. Qe7+ Kb8 38. Qd8+ Ka7 39. Qe7+ Kb8
1/2-1/2

[Event "SF Essen-Katernberg  3 - SC Gerthe - We"]
[Site "Verbandsliga - Gruppe 1 2021/"]
[Date "2022.05.29"]
[Round "5.8"]
[White "Jahrke, Jonas"]
[Black "Wuellner, Robin"]
[Result "1/2-1/2"]
[WhiteElo "1769"]
[BlackElo "1532"]
[PlyCount "73"]
[EventDate "2022.??.??"]
[WhiteTeam "SF Essen-Katernberg  3"]
[BlackTeam "SC Gerthe - Werne 1"]

1. e4 e5 2. Nc3 Nf6 3. g3 Bc5 4. Bg2 d6 5. Na4 Na6 6. Ne2 Bg4 7. h3 Be6 8. d4
exd4 9. Nxd4 c6 10. Nxe6 fxe6 11. O-O e5 12. Qe2 Qa5 13. Nxc5 Nxc5 14. Bg5 O-O
15. Qc4+ Kh8 16. Rfd1 Rad8 17. a4 Qc7 18. Be3 b6 19. b4 Ncxe4 20. Bxe4 d5 21.
Bxd5 Nxd5 22. Qb3 Qc8 23. h4 Qg4 24. Bg5 Rd7 25. c4 Nf6 26. Bxf6 Rxf6 27. Rxd7
Qxd7 28. Rd1 Qe7 29. c5 h6 30. cxb6 axb6 31. a5 bxa5 32. bxa5 Qc5 33. Rd8+ Kh7
34. Qd3+ e4 35. Qxe4+ Rf5 36. Qe1 Qxa5 37. Qxa5 1/2-1/2

[Event "SC Buer-Hassel 1 - SV Kamen 2"]
[Site "Verbandsliga - Gruppe 1 2021/"]
[Date "2022.05.29"]
[Round "5.1"]
[White "Georg, Felix"]
[Black "Griebl, Joern"]
[Result "0-1"]
[WhiteElo "1985"]
[BlackElo "2169"]
[PlyCount "100"]
[EventDate "2022.??.??"]
[WhiteTeam "SV Kamen 2"]
[BlackTeam "SC Buer-Hassel 1"]

1. e4 c5 2. Nf3 d6 3. d4 cxd4 4. Nxd4 Nf6 5. Nc3 a6 6. Rg1 Nc6 7. Be2 g6 8. g4
Bg7 9. Be3 d5 10. Nxc6 bxc6 11. e5 Nd7 12. f4 e6 13. Qd2 Qh4+ 14. Bf2 Qxh2 15.
Bf3 g5 16. Ne2 Qh6 17. Rh1 Qg6 18. f5 exf5 19. gxf5 Nxe5 20. Nd4 Nxf3+ 21. Nxf3
Bxf5 22. O-O-O Be4 23. Rde1 O-O 24. Rhg1 Qf6 25. Bd4 Qxf3 26. Bxg7 Kxg7 27.
Rxe4 f6 28. Re3 Qf5 29. Qb4 Rae8 30. Rxe8 Rxe8 31. Qb7+ Kg6 32. Qxa6 Qf4+ 33.
Kb1 Qc4 34. Qb7 h5 35. a4 Qxa4 36. Rh1 Qe4 37. Rf1 d4 38. Qd7 c5 39. Qd6 Qe5
40. Qc6 Rb8 41. Qf3 c4 42. b3 d3 43. Qf2 cxb3 44. cxd3 Ra8 45. Qb2 Qxb2+ 46.
Kxb2 Rb8 47. d4 h4 48. d5 h3 49. d6 g4 50. Rd1 Rd8 0-1